Computer organization and architecture : designing for performance /

ग्रंथसूची विवरण
मुख्य लेखक: Stallings, William
स्वरूप: पुस्तक
भाषा:English
प्रकाशित: Upper Saddle River, NJ ; New Delhi : Pearson/Prentice Hall, c2006.[impression 2009]
संस्करण:7th ed.
विषय:
Classic Catalogue: View this record in Classic Catalogue
LEADER 01014nam a2200253 a 4500
001 14264850
008 100928m20092006njua b 001 0 eng d
010 |a  2006272492 
020 |a 0131856448 
040 |a DLC  |c DLC  |d DLC  |d DB-DhAAL 
082 0 0 |a 004.2/2  |2 22 
100 1 |a Stallings, William. 
245 1 0 |a Computer organization and architecture :  |b designing for performance /  |c William Stallings. 
246 1 4 |a Computer organization & architecture 
250 |a 7th ed. 
260 |a Upper Saddle River, NJ ;  |a New Delhi :  |b Pearson/Prentice Hall,  |c c2006.[impression 2009] 
300 |a xiv, 778 p. :  |b ill. ;  |c 25 cm. 
504 |a Includes bibliographical references and index. 
541 1 |e 00021114 
650 0 |a Computer organization. 
650 0 |a Computer architecture. 
852 4 |a Ayesha Abed Library   |j General Shelf. 
999 |c 9578  |d 9578 
952 |0 0  |1 0  |2 ddc  |4 0  |6 004_220000000000000_STA_2009  |7 0  |9 12174  |a BRACUL  |b BRACUL  |c GEN  |d 2010-09-29  |l 6  |m 55  |o 004.22 STA  |p 3010021114  |r 2024-03-21  |s 2024-03-21  |t 1  |w 2010-09-29  |y BK